A Gigatel Kft. jelenlegi és jövőbeni arculata
| Szerző: | |
|---|---|
| További közreműködők: | |
| Dokumentumtípus: | Projektmunka |
| Kulcsszavak: | Arculat |
| Online Access: | http://dolgozattar.uni-bge.hu/3883 |
MARC
| LEADER | 00000nnm a2200000 i 4500 | ||
|---|---|---|---|
| 001 | dolg3883 | ||
| 005 | 20160125103008.0 | ||
| 008 | 151202suuuu hu o 000 hun d | ||
| 040 | |a BGE Dolgozattár Repozitórium |b hun | ||
| 041 | |a hu | ||
| 100 | 1 | |a Farkas Mónika | |
| 245 | 1 | 2 | |a A Gigatel Kft. jelenlegi és jövőbeni arculata |c Farkas Mónika |h [elektronikus dokumentum] |
| 246 | 1 | 1 | |a A Gigatel Kft. jelenlegi és jövőbeni arculata |
| 516 | |a Project_work | ||
| 695 | |a Arculat | ||
| 700 | 1 | |a Brávácz Ibolya |e ths | |
| 856 | 4 | 0 | |u http://dolgozattar.uni-bge.hu/3883/1/Szakdolgozat%2C%201.pdf |z Dokumentum-elérés |